Cẩm nang hóa học 12

Saved in:
Bibliographic Details
Main Author: Phùng, Hoàng Hải
Format: Book
Language:Undetermined
Published: Hà Nội Giáo dục Việt Nam 2009
Subjects:
Tags: Add Tag
No Tags, Be the first to tag this record!
Institutions: Trung tâm Học liệu Trường Đại học Cần Thơ
LEADER 00652nam a2200205Ia 4500
001 CTU_191647
008 210402s9999 xx 000 0 und d
020 |c 22000 
082 |a 540.712 
082 |b H103 
100 |a Phùng, Hoàng Hải 
245 0 |a Cẩm nang hóa học 12 
245 0 |c Phùng Hoàng Hải, Nguyễn Thiên Nga, Trần Thành Tuân 
260 |a Hà Nội 
260 |b Giáo dục Việt Nam 
260 |c 2009 
650 |a Chemistry,Hóa học 
650 |x Study and teaching (Secondary),Dạy và học (trung học) 
904 |i Hải 
980 |a Trung tâm Học liệu Trường Đại học Cần Thơ